=LDR 00000nam 2200000 4500 =001 INLIS000000000037500 =005 20130612143230 =008 ***********************************Ind** =035 ##$$0010-061300000037500 =041 ##$$a Ind =082 ##$$a 641.5 =090 ##$$a 641.5, Gan d =100 ##$$a Ganie, Suryatini n =245 ##$$a 27 resep hidangan nasi khas Indonesia, Not only nasi goreng, Suryatini n. Ganie; Editor, Intarina Hardiman =260 ##$$a 2009 $b Jakarta =300 ##$$a 103 hlm, Ilus, 22 cm =650 ##$$a Masakan - Resep =700 ##$$a Hardiman, Intarina =850 ##$$a NBPNMAT =990 ##$$a 0001/BPAP-NTB/20142014 =990 ##$$a 0001/BPAP-NTB/20142015